[Event "Madrid-chT 2324"]
[Site "Madrid"]
[Date "2024.01.27"]
[Round "7.1"]
[White "Trost, Edvin"]
[Black "Moreno Ruiz, Javier"]
[Result "1/2-1/2"]
[WhiteElo "2418"]
[BlackElo "2403"]
[PlyCount "59"]
[EventDate "2023.11.19"]
[EventType "team-tourn"]
[EventRounds "14"]
[EventCountry "ESP"]
[SourceTitle "AjedrezenMadrid"]
[Source "lmi"]
[SourceDate "2023.11.19"]
[SourceVersion "1"]
[SourceVersionDate "2024.03.19"]
[SourceQuality "1"]
[WhiteTeam "Villalba 64"]
[BlackTeam "Mostoles"]
[WhiteTeamCountry "ESP"]
[BlackTeamCountry "ESP"]

1. d4 Nf6 2. c4 c5 3. d5 b5 4. cxb5 a6 5. bxa6 g6 6. Nc3 Bxa6 7. e4 Bxf1 8.
Kxf1 d6 9. Nf3 Qc8 10. g3 Qh3+ 11. Kg1 Bg7 12. Ng5 Qg4 13. Qb3 Qc8 14. Kg2 O-O
15. Nf3 Nbd7 16. Qc2 Qa6 17. a4 Rfb8 18. Ra3 Rb4 19. Re1 Nb6 20. b3 c4 21. Be3
Ng4 22. Bd2 Rc8 23. h3 Ne5 24. Nxe5 Bxe5 25. Rf1 cxb3 26. Rxb3 Rxb3 27. Qxb3
Bxc3 28. Bxc3 Qxa4 29. Qxa4 Nxa4 30. Bd4 1/2-1/2

[Event "Madrid-chT 2324"]
[Site "Madrid"]
[Date "2024.01.28"]
[Round "7.1"]
[White "Plazuelo Pascual, Juan"]
[Black "Reyes Larena, Juan"]
[Result "1/2-1/2"]
[WhiteElo "2420"]
[BlackElo "2437"]
[PlyCount "30"]
[EventDate "2023.11.19"]
[EventType "team-tourn"]
[EventRounds "14"]
[EventCountry "ESP"]
[SourceTitle "AjedrezenMadrid"]
[Source "lmi"]
[SourceDate "2023.11.19"]
[SourceVersion "1"]
[SourceVersionDate "2024.03.19"]
[SourceQuality "1"]
[WhiteTeam "Alcorcon Diagonal"]
[BlackTeam "San Sebastian de los Reyes"]
[WhiteTeamCountry "ESP"]
[BlackTeamCountry "ESP"]

1. d4 d5 2. c4 dxc4 3. e3 e5 4. Bxc4 exd4 5. exd4 Nf6 6. Nf3 Bd6 7. Qe2+ Qe7 8.
Qxe7+ Bxe7 9. O-O O-O 10. Re1 Bd6 11. Nc3 Nc6 12. Nb5 Bf5 13. Bg5 Ne4 14. Nxd6
Nxd6 15. Bb3 Be4 1/2-1/2

[Event "Madrid-chT 2324"]
[Site "Madrid"]
[Date "2024.01.27"]
[Round "7.2"]
[White "Perez Gonzalez, Jose Manuel"]
[Black "Hidalgo Duque, Carlos"]
[Result "1-0"]
[WhiteElo "2193"]
[BlackElo "2275"]
[PlyCount "139"]
[EventDate "2023.11.19"]
[EventType "team-tourn"]
[EventRounds "14"]
[EventCountry "ESP"]
[SourceTitle "AjedrezenMadrid"]
[Source "lmi"]
[SourceDate "2023.11.19"]
[SourceVersion "1"]
[SourceVersionDate "2024.03.19"]
[SourceQuality "1"]
[WhiteTeam "San Fernando de Henares"]
[BlackTeam "Blanco y Negro"]
[WhiteTeamCountry "ESP"]
[BlackTeamCountry "ESP"]

1. e4 c5 2. Nc3 d6 3. f4 Nc6 4. Nf3 g6 5. Bc4 Bg7 6. O-O Nf6 7. d3 O-O 8. Qe1
Nd4 9. Nxd4 cxd4 10. Nd5 e6 11. Nxf6+ Bxf6 12. Bb3 Bg7 13. Bd2 Bd7 14. Bb4 Qc7
15. e5 dxe5 16. Bxf8 Rxf8 17. fxe5 Bxe5 18. Qh4 Qd6 19. Rae1 Bc6 20. Re2 Kg7
21. Kh1 h6 22. Ref2 b6 23. Qh3 Bd7 24. Re2 Bf4 25. Qf3 g5 26. c3 Bc6 27. Qh3 h5
28. Ref2 Rg8 29. Bd1 e5 30. cxd4 Qxd4 31. Qf5 Bd7 32. Qe4 Qd6 33. Bxh5 Rh8 34.
Qe2 g4 35. g3 Rxh5 36. gxf4 exf4 37. Rxf4 f5 38. d4 Qd5+ 39. Kg1 Qxa2 40. Qe7+
Qf7 41. Qxf7+ Kxf7 42. Rxg4 Rh3 43. Rg3 Rh4 44. Rd1 f4 45. Rc3 Ke6 46. Rc7 a5
47. d5+ Kd6 48. Rb7 b5 49. Rb6+ Kc5 50. Rf6 Rg4+ 51. Kf2 Rh4 52. Kg1 Rg4+ 53.
Kh1 Rg5 54. Rxf4 Bh3 55. Rf2 b4 56. d6 Rg8 57. Rc2+ Kb6 58. Rg1 Rd8 59. Rd2 a4
60. Rg3 Be6 61. Re3 Bf5 62. Re5 Bb1 63. Rd4 Kc6 64. Re1 Ba2 65. Rxb4 Rxd6 66.
Rc1+ Kd7 67. Rxa4 Bd5+ 68. Kg1 Rg6+ 69. Kf1 Bg2+ 70. Kf2 1-0

[Event "Madrid-chT 2324"]
[Site "Madrid"]
[Date "2024.01.27"]
[Round "7.2"]
[White "Valles Moreno, Ivan"]
[Black "Garrido Dominguez, Jesus"]
[Result "1-0"]
[WhiteElo "2333"]
[BlackElo "2240"]
[PlyCount "79"]
[EventDate "2023.11.19"]
[EventType "team-tourn"]
[EventRounds "14"]
[EventCountry "ESP"]
[SourceTitle "AjedrezenMadrid"]
[Source "lmi"]
[SourceDate "2023.11.19"]
[SourceVersion "1"]
[SourceVersionDate "2024.03.19"]
[SourceQuality "1"]
[WhiteTeam "Mostoles"]
[BlackTeam "Villalba 64"]
[WhiteTeamCountry "ESP"]
[BlackTeamCountry "ESP"]

1. d4 d6 2. Nf3 Nf6 3. c4 Nbd7 4. Nc3 e5 5. e4 Be7 6. Be2 O-O 7. O-O c6 8. Qc2
a6 9. Rd1 Qc7 10. Rb1 Re8 11. b4 Bf8 12. Be3 exd4 13. Nxd4 Ne5 14. Bg5 Nfd7 15.
Bh4 Nb6 16. Qb3 a5 17. a3 a4 18. Qa2 Ng6 19. Bg3 Qe7 20. f3 Qg5 21. Kh1 Be6 22.
Bf1 Qf6 23. Nxe6 Rxe6 24. Ne2 h5 25. Nd4 Ree8 26. Nf5 Nc8 27. Qd2 h4 28. Bf2 h3
29. Bd4 Qe6 30. gxh3 Ne5 31. Qg5 Ne7 32. Ne3 N7g6 33. Qg3 Qf6 34. Nf5 Qe6 35.
h4 d5 36. Bh3 Qf6 37. f4 Nxf4 38. Qxf4 dxe4 39. Re1 Bd6 40. Qxe4 1-0

[Event "Madrid-chT 2324"]
[Site "Madrid"]
[Date "2024.01.28"]
[Round "7.2"]
[White "Quispe Arteaga, Gabriel"]
[Black "Centron Antuna, Daniel"]
[Result "1-0"]
[WhiteElo "2387"]
[BlackElo "2195"]
[PlyCount "65"]
[EventDate "2023.11.19"]
[EventType "team-tourn"]
[EventRounds "14"]
[EventCountry "ESP"]
[SourceTitle "AjedrezenMadrid"]
[Source "lmi"]
[SourceDate "2023.11.19"]
[SourceVersion "1"]
[SourceVersionDate "2024.03.19"]
[SourceQuality "1"]
[WhiteTeam "Collado Villalba"]
[BlackTeam "Tajamar"]
[WhiteTeamCountry "ESP"]
[BlackTeamCountry "ESP"]

1. c4 c5 2. Nf3 Nf6 3. Nc3 Nc6 4. d4 cxd4 5. Nxd4 e6 6. g3 Be7 7. Bg2 O-O 8.
O-O d5 9. cxd5 exd5 10. Be3 Bg4 11. Qa4 Qd7 12. Rfd1 Bh3 13. Bf3 Rfd8 14. Rac1
Ne5 15. Qxd7 Nxf3+ 16. Nxf3 Rxd7 17. Ne5 Rdd8 18. f3 Bd6 19. Bd4 Be6 20. Nb5
Bxe5 21. Bxe5 Ne8 22. g4 f6 23. Bf4 Kf7 24. Rd4 g5 25. Bg3 h5 26. h3 f5 27. Be5
Rac8 28. Nc3 Rc4 29. gxh5 Nf6 30. Bxf6 Kxf6 31. Nxd5+ Bxd5 32. Rcxc4 Ke5 33. e4
1-0

[Event "Madrid-chT 2324"]
[Site "Madrid"]
[Date "2024.01.28"]
[Round "7.2"]
[White "Rottenwohrer Suarez, Juan"]
[Black "Sanz Wawer, Daniel"]
[Result "1/2-1/2"]
[WhiteElo "2274"]
[BlackElo "2396"]
[PlyCount "132"]
[EventDate "2023.11.19"]
[EventType "team-tourn"]
[EventRounds "14"]
[EventCountry "ESP"]
[SourceTitle "AjedrezenMadrid"]
[Source "lmi"]
[SourceDate "2023.11.19"]
[SourceVersion "1"]
[SourceVersionDate "2024.03.19"]
[SourceQuality "1"]
[WhiteTeam "San Sebastian de los Reyes"]
[BlackTeam "Alcorcon Diagonal"]
[WhiteTeamCountry "ESP"]
[BlackTeamCountry "ESP"]

1. d4 Nf6 2. c4 e6 3. Nf3 d5 4. Nc3 Be7 5. Bf4 O-O 6. e3 c5 7. dxc5 Bxc5 8.
cxd5 Nxd5 9. Nxd5 exd5 10. a3 Nc6 11. Bd3 h6 12. Bb1 Be7 13. Qd3 f5 14. Ba2 Be6
15. O-O Bf6 16. Rfd1 g5 17. Bg3 Rf7 18. Rab1 Kg7 19. b4 a6 20. a4 h5 21. h4
gxh4 22. Bf4 a5 23. b5 Nb4 24. Nd4 Bc8 25. Qe2 Bg5 26. Bb3 Bxf4 27. exf4 Qd6
28. Nf3 Re7 29. Ne5 Qh6 30. Qb2 Kh7 31. Bxd5 Nxd5 32. Rxd5 Qxf4 33. Re1 Rg7 34.
Rd8 Rxg2+ 35. Kxg2 Qg5+ 36. Ng4 h3+ 37. Kh1 Qxd8 38. Nf6+ Kg6 39. Rg1+ Kf7 40.
Nxh5 Qd5+ 41. Kh2 Qd6+ 42. f4 Ke7 43. Rg7+ Kd8 44. Rg8+ Kc7 45. Qc3+ Kb6 46.
Rxc8 Rxc8 47. Qxc8 Qd3 48. Qe6+ Kc5 49. Ng3 Qd2+ 50. Kxh3 Qxf4 51. Nxf5 Qxa4
52. Qe5+ Kb6 53. Nd4 Qa3+ 54. Kg4 Qc5 55. Qf6+ Ka7 56. Kf4 a4 57. Ke4 a3 58.
Qe6 Qc1 59. Qb3 Qb2 60. Qa4+ Kb6 61. Qc4 a2 62. Qe6+ Ka7 63. b6+ Ka6 64. Qc4+
Kxb6 65. Qb3+ Qxb3 66. Nxb3 Kb5 1/2-1/2

[Event "Madrid-chT 2324"]
[Site "Madrid"]
[Date "2024.01.27"]
[Round "7.3"]
[White "Garcia Luengo, Leandro"]
[Black "Beltran de Heredia Eguiaz, Miguel Angel"]
[Result "1/2-1/2"]
[WhiteElo "2283"]
[BlackElo "2099"]
[PlyCount "46"]
[EventDate "2023.11.19"]
[EventType "team-tourn"]
[EventRounds "14"]
[EventCountry "ESP"]
[SourceTitle "AjedrezenMadrid"]
[Source "lmi"]
[SourceDate "2023.11.19"]
[SourceVersion "1"]
[SourceVersionDate "2024.03.19"]
[SourceQuality "1"]
[WhiteTeam "Villalba 64"]
[BlackTeam "Mostoles"]
[WhiteTeamCountry "ESP"]
[BlackTeamCountry "ESP"]

1. e4 c5 2. Nc3 e6 3. Nf3 Nc6 4. d4 cxd4 5. Nxd4 Qc7 6. Be3 a6 7. Qf3 Bd6 8.
O-O-O Be5 9. Bc4 Nge7 10. Bb3 O-O 11. g3 b5 12. Qh5 Bb7 13. Rhe1 Rac8 14. f4
Bxd4 15. Bxd4 Nxd4 16. Rxd4 d5 17. exd5 Nxd5 18. Nxd5 Bxd5 19. c3 Qa5 20. Bxd5
Rxc3+ 21. Kb1 Rc7 22. Red1 exd5 23. Rxd5 Qa4 1/2-1/2

[Event "Madrid-chT 2324"]
[Site "Madrid"]
[Date "2024.01.27"]
[Round "7.3"]
[White "Renteria Becerra, Jorge Elicer"]
[Black "Garrido Olivares, Ricard"]
[Result "0-1"]
[WhiteElo "2236"]
[BlackElo "2143"]
[PlyCount "66"]
[EventDate "2023.11.19"]
[EventType "team-tourn"]
[EventRounds "14"]
[EventCountry "ESP"]
[SourceTitle "AjedrezenMadrid"]
[Source "lmi"]
[SourceDate "2023.11.19"]
[SourceVersion "1"]
[SourceVersionDate "2024.03.19"]
[SourceQuality "1"]
[WhiteTeam "Blanco y Negro"]
[BlackTeam "San Fernando de Henares"]
[WhiteTeamCountry "ESP"]
[BlackTeamCountry "ESP"]

1. e4 c6 2. d4 d5 3. e5 Bf5 4. h4 h5 5. Bd3 Bxd3 6. Qxd3 Qa5+ 7. Nc3 e6 8. Nge2
Ne7 9. Ng3 Qa6 10. Qf3 c5 11. a4 Nec6 12. Nb5 Qb6 13. dxc5 Bxc5 14. Nxh5 Kf8
15. Bf4 Nd7 16. O-O Ncxe5 17. Qe2 Ng6 18. Bg3 a6 19. Nc3 Qxb2 20. Nxd5 exd5 21.
Rab1 Qc3 22. Rxb7 Re8 23. Qd1 Nde5 24. Bxe5 Qxe5 25. Qf3 Be7 26. Ng3 Rxh4 27.
Rfb1 Rf4 28. Qb3 Bc5 29. Nh1 Kg8 30. Rd7 Rf5 31. Rd1 Nf4 32. a5 Ne2+ 33. Kf1
Nc3 0-1

[Event "Madrid-chT 2324"]
[Site "Madrid"]
[Date "2024.01.28"]
[Round "7.3"]
[White "Mkrtchyan, Levon"]
[Black "Suarez Uriel, Adrian"]
[Result "1-0"]
[WhiteElo "2257"]
[BlackElo "2365"]
[PlyCount "139"]
[EventDate "2023.11.19"]
[EventType "team-tourn"]
[EventRounds "14"]
[EventCountry "ESP"]
[SourceTitle "AjedrezenMadrid"]
[Source "lmi"]
[SourceDate "2023.11.19"]
[SourceVersion "1"]
[SourceVersionDate "2024.03.19"]
[SourceQuality "1"]
[WhiteTeam "Tajamar"]
[BlackTeam "Collado Villalba"]
[WhiteTeamCountry "ESP"]
[BlackTeamCountry "ESP"]

1. e4 c5 2. Nf3 d6 3. d4 cxd4 4. Nxd4 Nf6 5. Nc3 a6 6. Bg5 e6 7. f4 Be7 8. Qf3
Qc7 9. O-O-O Nbd7 10. g4 h6 11. Bxf6 Bxf6 12. h4 Nb6 13. g5 Bxd4 14. Rxd4 Qc5
15. Rd2 Bd7 16. Qd3 Na4 17. Nxa4 Bxa4 18. Qxd6 Qxd6 19. Rxd6 hxg5 20. fxg5 Rc8
21. b3 Bc6 22. Bg2 Ke7 23. Rd2 Rh7 24. e5 Bxg2 25. Rxg2 Rc5 26. Re2 Rh8 27. Re4
Rhc8 28. Rh2 Rc3 29. Kb2 Rg3 30. Rd2 Rc7 31. Red4 Re3 32. Rd8 Rxe5 33. Rg8 g6
34. Rdd8 Rd7 35. Rge8+ Kd6 36. Rxd7+ Kxd7 37. Rb8 Kc6 38. Rc8+ Kd7 39. Rb8 Kc7
40. Re8 Rf5 41. Re7+ Kc6 42. c4 b5 43. Kc3 bxc4 44. Kxc4 a5 45. Kd4 Rf2 46. a4
Rf3 47. Kc4 Rf4+ 48. Kc3 Kb6 49. Rd7 Rf5 50. Kd4 Kc6 51. Ra7 Kb6 52. Rd7 Rf3
53. Kc4 Rf4+ 54. Kc3 Rxh4 55. Rxf7 Rg4 56. Rf6 Rxg5 57. Rxe6+ Kc5 58. Ra6 Rg3+
59. Kb2 g5 60. Rxa5+ Kd4 61. Ra8 g4 62. Rg8 Rg2+ 63. Ka3 g3 64. Kb4 Rg1 65. a5
g2 66. a6 Kd5 67. Kb5 Rb1 68. a7 Ra1 69. Kb6 Ra3 70. b4 1-0

[Event "Madrid-chT 2324"]
[Site "Madrid"]
[Date "2024.01.28"]
[Round "7.3"]
[White "Neagu, Roberto Florin"]
[Black "Alfaya Marcelo, Roberto"]
[Result "1-0"]
[WhiteElo "2229"]
[BlackElo "2318"]
[PlyCount "125"]
[EventDate "2023.11.19"]
[EventType "team-tourn"]
[EventRounds "14"]
[EventCountry "ESP"]
[SourceTitle "AjedrezenMadrid"]
[Source "lmi"]
[SourceDate "2023.11.19"]
[SourceVersion "1"]
[SourceVersionDate "2024.03.19"]
[SourceQuality "1"]
[WhiteTeam "Alcorcon Diagonal"]
[BlackTeam "San Sebastian de los Reyes"]
[WhiteTeamCountry "ESP"]
[BlackTeamCountry "ESP"]

1. Nf3 d5 2. d4 Nf6 3. c4 e6 4. Nc3 a6 5. cxd5 exd5 6. Bg5 Be6 7. e3 Nbd7 8.
Bd3 Bd6 9. h3 c6 10. Bf4 Qc7 11. Qd2 O-O 12. O-O Nh5 13. Bxd6 Qxd6 14. g4 Nhf6
15. Kg2 g6 16. Nh4 Qe7 17. f4 Nxg4 18. hxg4 Qxh4 19. Rh1 Qe7 20. f5 Qg5 21.
fxe6 Qxg4+ 22. Kf2 fxe6+ 23. Ke1 Qg3+ 24. Kd1 Rf2 25. Ne2 Qf3 26. Kc2 c5 27.
dxc5 Nxc5 28. Rae1 Ne4 29. Qd1 Qxe3 30. Kb1 Nd2+ 31. Kc2 Rc8+ 32. Nc3 Nf3+ 33.
Kb1 Nxe1 34. Rxe1 Qb6 35. Na4 Qc6 36. a3 b5 37. Nc3 e5 38. Bc2 d4 39. Bb3+ Kg7
40. Nd5 Qd6 41. Qg4 Rcf8 42. Ka2 a5 43. Qe4 a4 44. Bd1 Rd2 45. Nb4 Qe6+ 46. Ka1
Rf7 47. Bc2 Qf5 48. Qd5 Qf6 49. Qxb5 h5 50. Qxa4 Qf2 51. Rxe5 d3 52. Nxd3 Qh2
53. Qd4 Kh7 54. Re8 Rg7 55. Qd8 Rf7 56. Qd4 Rg7 57. Qd8 Rf7 58. Bb3 Rxd3 59.
Qxd3 Qg1+ 60. Ka2 Rc7 61. Qd6 Qc1 62. Qf8 g5 63. Qg8+ 1-0

[Event "Madrid-chT 2324"]
[Site "Madrid"]
[Date "2024.01.27"]
[Round "7.4"]
[White "Gallego Bergada, Antoni"]
[Black "Alarcia Astiz, Carlos"]
[Result "1/2-1/2"]
[WhiteElo "2126"]
[BlackElo "2231"]
[PlyCount "62"]
[EventDate "2023.11.19"]
[EventType "team-tourn"]
[EventRounds "14"]
[EventCountry "ESP"]
[SourceTitle "AjedrezenMadrid"]
[Source "lmi"]
[SourceDate "2023.11.19"]
[SourceVersion "1"]
[SourceVersionDate "2024.03.19"]
[SourceQuality "1"]
[WhiteTeam "San Fernando de Henares"]
[BlackTeam "Blanco y Negro"]
[WhiteTeamCountry "ESP"]
[BlackTeamCountry "ESP"]

1. e4 c6 2. Nf3 d5 3. exd5 cxd5 4. Ne5 Nc6 5. d4 a6 6. c3 Nf6 7. Bd3 g6 8. Qe2
Bg7 9. O-O O-O 10. f4 Nxe5 11. fxe5 Ne8 12. h4 h5 13. Nd2 Bg4 14. Nf3 Qd7 15.
Bf4 Nc7 16. Qf2 Bf5 17. Bxf5 Qxf5 18. Qe3 Ne6 19. Bh6 Qg4 20. Bxg7 Nxg7 21. Qf2
Nf5 22. Kh2 b5 23. g3 a5 24. Ne1 Qe4 25. Nc2 Rac8 26. Rae1 Qg4 27. Ne3 Nxe3 28.
Rxe3 Kg7 29. Rf3 Qe6 30. b3 Rb8 31. Qe1 Rb7 1/2-1/2

[Event "Madrid-chT 2324"]
[Site "Madrid"]
[Date "2024.01.27"]
[Round "7.4"]
[White "Moreno Ibanez, Miguel"]
[Black "Amador Garcia, Ismael"]
[Result "1/2-1/2"]
[WhiteElo "2169"]
[BlackElo "2204"]
[PlyCount "50"]
[EventDate "2023.11.19"]
[EventType "team-tourn"]
[EventRounds "14"]
[EventCountry "ESP"]
[SourceTitle "AjedrezenMadrid"]
[Source "lmi"]
[SourceDate "2023.11.19"]
[SourceVersion "1"]
[SourceVersionDate "2024.03.19"]
[SourceQuality "1"]
[WhiteTeam "Mostoles"]
[BlackTeam "Villalba 64"]
[WhiteTeamCountry "ESP"]
[BlackTeamCountry "ESP"]

1. e4 c5 2. Nf3 d6 3. d4 cxd4 4. Nxd4 Nf6 5. Nc3 a6 6. Be2 e5 7. Nb3 Be7 8. Bg5
Be6 9. Bxf6 Bxf6 10. Qd3 O-O 11. O-O-O Qb6 12. Rhf1 Rd8 13. Nd5 Bxd5 14. Qxd5
Nc6 15. c3 Ne7 16. Qd3 Qc7 17. g3 b5 18. Kb1 Rab8 19. a3 Nc8 20. Qc2 Nb6 21. h4
Rbc8 22. Bg4 Rb8 23. Be2 Rbc8 24. Bg4 Rb8 25. Be2 Rbc8 1/2-1/2

[Event "Madrid-chT 2324"]
[Site "Madrid"]
[Date "2024.01.28"]
[Round "7.4"]
[White "Martinez Fernandez, Raul"]
[Black "Esquivias Quintero, Luis Manuel"]
[Result "1/2-1/2"]
[WhiteElo "2181"]
[BlackElo "2276"]
[PlyCount "130"]
[EventDate "2023.11.19"]
[EventType "team-tourn"]
[EventRounds "14"]
[EventCountry "ESP"]
[SourceTitle "AjedrezenMadrid"]
[Source "lmi"]
[SourceDate "2023.11.19"]
[SourceVersion "1"]
[SourceVersionDate "2024.03.19"]
[SourceQuality "1"]
[WhiteTeam "San Sebastian de los Reyes"]
[BlackTeam "Alcorcon Diagonal"]
[WhiteTeamCountry "ESP"]
[BlackTeamCountry "ESP"]

1. e4 c5 2. Nf3 d6 3. d4 cxd4 4. Nxd4 Nf6 5. Nc3 Nc6 6. Bg5 Qa5 7. Bb5 Bd7 8.
Bxf6 gxf6 9. Nb3 Qd8 10. Qd2 Rg8 11. g3 a6 12. Be2 f5 13. O-O-O Bg7 14. exf5
Bxf5 15. Bd3 Bg6 16. f4 Nb4 17. Bxg6 hxg6 18. Nd5 Nxd5 19. Qxd5 Qc7 20. Rhe1
Rc8 21. Rd2 Kf8 22. Nd4 Qc5 23. Qxc5 Rxc5 24. Nf3 Rc6 25. Rd3 e6 26. Rb3 Rc7
27. Re4 Ke7 28. Reb4 Rb8 29. Rb6 e5 30. Rxa6 Rbc8 31. Ra7 Rxc2+ 32. Kd1 Ke6 33.
Rbxb7 e4 34. Re7+ Kd5 35. Ra5+ R2c5 36. Rxc5+ dxc5 37. Nd2 Bxb2 38. Nxe4 Ra8
39. Ng5 Rxa2 40. Rxf7 Bd4 41. Rd7+ Kc6 42. Rd8 Bc3 43. Ne4 Bd4 44. h4 Rg2 45.
Ke1 Kb5 46. Rb8+ Kc4 47. Kf1 Ra2 48. Rd8 Ra3 49. Kg2 Re3 50. Nd6+ Kd3 51. Nb5
Kc4 52. Nxd4 cxd4 53. g4 d3 54. h5 gxh5 55. gxh5 Re2+ 56. Kf3 Rh2 57. Kg4 Kc3
58. f5 d2 59. f6 Rh1 60. Kg5 Rg1+ 61. Kf5 Rf1+ 62. Kg6 Rg1+ 63. Kh7 Rf1 64. Kg7
Rg1+ 65. Kh7 Rf1 1/2-1/2

[Event "Madrid-chT 2324"]
[Site "Madrid"]
[Date "2024.01.28"]
[Round "7.4"]
[White "Ruiz Buendia, Miguel"]
[Black "Rodriguez Avila, Alvaro"]
[Result "1-0"]
[WhiteElo "2294"]
[BlackElo "2190"]
[PlyCount "125"]
[EventDate "2023.11.19"]
[EventType "team-tourn"]
[EventRounds "14"]
[EventCountry "ESP"]
[SourceTitle "AjedrezenMadrid"]
[Source "lmi"]
[SourceDate "2023.11.19"]
[SourceVersion "1"]
[SourceVersionDate "2024.03.19"]
[SourceQuality "1"]
[WhiteTeam "Collado Villalba"]
[BlackTeam "Tajamar"]
[WhiteTeamCountry "ESP"]
[BlackTeamCountry "ESP"]

1. e4 c5 2. Nf3 d6 3. d4 cxd4 4. Nxd4 Nf6 5. Nc3 Nc6 6. Bc4 e6 7. Be3 a6 8. Qe2
Qc7 9. O-O-O Na5 10. Bd3 b5 11. a3 Be7 12. g4 Bb7 13. g5 Nd7 14. f4 Rc8 15. h4
Nb6 16. g6 hxg6 17. h5 g5 18. fxg5 Nbc4 19. g6 Nxb2 20. gxf7+ Kd7 21. Nd5 Bxd5
22. exd5 Qc3 23. Bxb5+ Kc7 24. Bxa6 Kb8 25. Nc6+ Rxc6 26. Qb5+ Kc7 27. dxc6
Qxe3+ 28. Kxb2 Rb8 29. Bb7 Nxb7 30. Ka2 Nd8 31. Qa5+ Qb6 32. Qxb6+ Rxb6 33. h6
gxh6 34. Rxh6 Nxf7 35. Rh7 Rxc6 36. Rxf7 Kd7 37. Kb3 Rb6+ 38. Kc3 Rc6+ 39. Kd3
Ra6 40. Ra1 Ra4 41. Kc3 d5 42. Kb3 Ra7 43. a4 Rb7+ 44. Kc3 Kc6 45. Rff1 Bd6 46.
Kd3 e5 47. a5 e4+ 48. Kd2 Ra7 49. a6 Bc5 50. c3 Rh7 51. Rh1 Rg7 52. Kc2 Rf7 53.
Rh8 Ba7 54. Rc8+ Kb6 55. Rd8 Kc6 56. Rb1 e3 57. Rc8+ Kd6 58. Rb7 Rf2+ 59. Kb3
d4 60. Rxa7 e2 61. Rd8+ Ke6 62. Re8+ Kd6 63. cxd4 1-0

[Event "Madrid-chT 2324"]
[Site "Madrid"]
[Date "2024.01.27"]
[Round "7.5"]
[White "Alba Linero, Emilio"]
[Black "Sempere Domenech, Abel"]
[Result "1-0"]
[WhiteElo "2179"]
[BlackElo "2014"]
[PlyCount "81"]
[EventDate "2023.11.19"]
[EventType "team-tourn"]
[EventRounds "14"]
[EventCountry "ESP"]
[SourceTitle "AjedrezenMadrid"]
[Source "lmi"]
[SourceDate "2023.11.19"]
[SourceVersion "1"]
[SourceVersionDate "2024.03.19"]
[SourceQuality "1"]
[WhiteTeam "Blanco y Negro"]
[BlackTeam "San Fernando de Henares"]
[WhiteTeamCountry "ESP"]
[BlackTeamCountry "ESP"]

1. e4 e5 2. Nf3 Nc6 3. c3 d5 4. Qa4 f6 5. d3 Be6 6. Be2 Qd7 7. O-O g5 8. Be3
Nge7 9. Rd1 Kf7 10. Qc2 g4 11. Nh4 Ng6 12. Nf5 Bxf5 13. exf5 Qxf5 14. Qb3 Qd7
15. d4 exd4 16. Bxd4 Nxd4 17. Rxd4 c6 18. Bxg4 f5 19. Bh5 Bc5 20. Rd1 Kg7 21.
c4 Qe7 22. cxd5 Qh4 23. Qc3+ Kh6 24. Qxc5 Qxh5 25. Nc3 Rhg8 26. dxc6 bxc6 27.
Rd6 Rad8 28. Rad1 Rxd6 29. Qxd6 Re8 30. g3 Qf3 31. Qd2+ f4 32. Re1 Rg8 33. Re6
Kh5 34. Ne2 Qg4 35. Qa5+ Kh6 36. Nxf4 Rf8 37. Qd2 Kg7 38. Qd7+ Rf7 39. Rxg6+
Qxg6 40. Qd4+ Qf6 41. Nh5+ 1-0

[Event "Madrid-chT 2324"]
[Site "Madrid"]
[Date "2024.01.27"]
[Round "7.5"]
[White "Pinto, Daniel"]
[Black "Calvo Gonzalez, Jose Felix"]
[Result "1/2-1/2"]
[WhiteElo "2241"]
[BlackElo "2179"]
[PlyCount "120"]
[EventDate "2023.11.19"]
[EventType "team-tourn"]
[EventRounds "14"]
[EventCountry "ESP"]
[SourceTitle "AjedrezenMadrid"]
[Source "lmi"]
[SourceDate "2023.11.19"]
[SourceVersion "1"]
[SourceVersionDate "2024.03.19"]
[SourceQuality "1"]
[WhiteTeam "Villalba 64"]
[BlackTeam "Mostoles"]
[WhiteTeamCountry "ESP"]
[BlackTeamCountry "ESP"]

1. e4 c5 2. Nf3 d6 3. c3 Nf6 4. Be2 Nc6 5. d4 cxd4 6. cxd4 d5 7. e5 Ne4 8. O-O
Bg4 9. h3 Bh5 10. b4 a6 11. Be3 e6 12. a3 Be7 13. Nfd2 Bxe2 14. Qxe2 Nxd2 15.
Nxd2 O-O 16. f4 f5 17. exf6 Bxf6 18. Nf3 Qd7 19. Rfe1 Rac8 20. Bf2 Rfe8 21.
Rac1 Na7 22. Rxc8 Rxc8 23. Qxe6+ Qxe6 24. Rxe6 Nb5 25. Rb6 Rc7 26. a4 Nc3 27.
a5 Ne4 28. Be1 Bd8 29. Re6 Kf7 30. f5 Rc1 31. g4 Bf6 32. Kf1 Kf8 33. Ke2 Rc2+
34. Kd3 Rb2 35. Rb6 Rb3+ 36. Ke2 Rb2+ 37. Kd1 Rb3 38. Ne5 Rb1+ 39. Ke2 Rb2+ 40.
Kf1 Bxe5 41. dxe5 d4 42. Rxb7 d3 43. b5 d2 44. Bxd2 Nxd2+ 45. Ke1 Nf3+ 46. Kd1
Rb1+ 47. Kc2 Rxb5 48. Rxb5 axb5 49. Kc3 Nxe5 50. Kb4 Ke7 51. Kxb5 Kd6 52. a6
Kc7 53. g5 Nd7 54. h4 Ne5 55. f6 gxf6 56. gxf6 h5 57. Kc5 Nd7+ 58. Kd5 Nxf6+
59. Ke5 Ng4+ 60. Kf5 Ne3+ 1/2-1/2

[Event "Madrid-chT 2324"]
[Site "Madrid"]
[Date "2024.01.28"]
[Round "7.5"]
[White "Horcajuelo Rocamora, Martin"]
[Black "Hernandez Ramos, David"]
[Result "1-0"]
[WhiteElo "2232"]
[BlackElo "2084"]
[PlyCount "111"]
[EventDate "2023.11.19"]
[EventType "team-tourn"]
[EventRounds "14"]
[EventCountry "ESP"]
[SourceTitle "AjedrezenMadrid"]
[Source "lmi"]
[SourceDate "2023.11.19"]
[SourceVersion "1"]
[SourceVersionDate "2024.03.19"]
[SourceQuality "1"]
[WhiteTeam "Alcorcon Diagonal"]
[BlackTeam "San Sebastian de los Reyes"]
[WhiteTeamCountry "ESP"]
[BlackTeamCountry "ESP"]

1. d4 Nf6 2. c4 e6 3. Nf3 b6 4. g3 Ba6 5. b3 Bb4+ 6. Bd2 Be7 7. Nc3 d5 8. Bg2
c6 9. O-O O-O 10. Bf4 dxc4 11. bxc4 Bxc4 12. Bxb8 Qxb8 13. Ne5 Ba6 14. Nxc6 Qc7
15. Qa4 Bb7 16. Nb5 Bxc6 17. Nxc7 Bxa4 18. Nxa8 Ba3 19. Rac1 Bxc1 20. Rxc1 Bb5
21. e3 Nd5 22. Nc7 Nxc7 23. Rxc7 a5 24. Rb7 Rc8 25. Rxb6 Bc4 26. a4 Bd3 27. Bc6
Kf8 28. e4 Ke7 29. f3 Rd8 30. Rb7+ Kf6 31. d5 Bc2 32. Kf2 exd5 33. Bxd5 Rf8 34.
f4 Bxa4 35. g4 g6 36. e5+ Kg7 37. e6 h6 38. h4 Be8 39. Ke3 a4 40. Kd4 g5 41.
exf7 Bxf7 42. Rxf7+ Rxf7 43. Bxf7 gxf4 44. Bd5 Kf6 45. Ke4 f3 46. Kxf3 Ke5 47.
Ba2 a3 48. Ke3 h5 49. g5 Kf5 50. Kf3 Kg6 51. Kf4 Kh7 52. Kf5 Kg7 53. Ke6 Kh8
54. Kf7 Kh7 55. g6+ Kh6 56. g7 1-0